| 000 | 00507nam a2200169 a 4500 | ||
|---|---|---|---|
| 005 | 20140310183133.0 | ||
| 008 | 030415s19uu xx 00 eng d | ||
| 020 | _a0582403855 | ||
| 050 |
_aPE 1128.A2 _b.H34 2002 |
||
| 100 | _aHarmer, Jeremy | ||
| 245 |
_aThe Practice of English Language / _cHarmer, Jeremy. |
||
| 260 |
_aEngland : _bLongman, _c2002. |
||
| 300 |
_a370 p. : _bill. ; _c25 cm. |
||
| 650 |
_aEnglish language _xStudy and teaching _xForeign speakers |
||
| 942 |
_cBK _2lcc _kFOR |
||
| 999 |
_c19219 _d19219 |
||